मी नरसाबाई (Record no. 1245101)

MARC details
000 -LEADER
fixed length control field 00602nam a2200193Ia 4500
008 - FIXED-LENGTH DATA ELEMENTS--GENERAL INFORMATION
fixed length control field 151121s9999||||xx |||||||||||||| ||und||
082 ## - DEWEY DECIMAL CLASSIFICATION NUMBER
Classification number 920/किराणे
082 ## - DEWEY DECIMAL CLASSIFICATION NUMBER
Item number HNW-63569
100 ## - MAIN ENTRY--PERSONAL NAME
Personal name किराणे मेघा
245 ## - TITLE STATEMENT
Title मी नरसाबाई
260 ## - PUBLICATION, DISTRIBUTION, ETC. (IMPRINT)
Name of publisher, distributor, etc "चेतश्री प्रकाशन, अंमळनेर"
260 ## - PUBLICATION, DISTRIBUTION, ETC. (IMPRINT)
Date of publication, distribution, etc --
300 ## - PHYSICAL DESCRIPTION
Extent 87
600 ## - SUBJECT ADDED ENTRY--PERSONAL NAME
Personal name किराणे मेघा
630 ## - SUBJECT ADDED ENTRY--UNIFORM TITLE
Uniform title मी नरसाबाई
700 ## - ADDED ENTRY--PERSONAL NAME
Personal name किराणे मेघा
730 ## - ADDED ENTRY--UNIFORM TITLE
Uniform title मी नरसाबाई
942 ## - ADDED ENTRY ELEMENTS (KOHA)
Koha item type Book
Holdings
Withdrawn status Lost status Damaged status Not for loan Home library Current library Date acquired Cost, normal purchase price Total Checkouts Full call number Barcode Date last seen Cost, replacement price Price effective from Koha item type
        Hirachand Nemchand Wachanalaya, Solapur Hirachand Nemchand Wachanalaya, Solapur 11/21/2015 20.00   HNW-63569 HNW-63569 11/21/2015 20.00 11/21/2015 Book